[Event "IX. Rhein-Main-Open"]
[Site "Bad Homburg"]
[Date "2006.06.15"]
[Round "2.20"]
[White "Adair, Robin"]
[Black "Ochmann, Reimund"]
[Result "0-1"]
[WhiteElo "2103"]
[BlackElo "1944"]
[PlyCount "82"]
[EventDate "2006.??.??"]

1. d4 d5 2. Nf3 Nf6 3. c4 c6 4. g3 e6 5. Bg2 Nbd7 6. cxd5 exd5 7. O-O Bd6 8.
Nc3 O-O 9. Nd2 Qb6 10. Qa4 Bb4 11. e4 Qxd4 12. Nb3 Qc4 13. Nd2 Qc5 14. Qb3 d4
15. Ne2 Re8 16. Nf3 Rxe4 17. Nf4 Qb6 18. a3 Bc5 19. Qa2 Re7 20. b4 Bd6 21. Rd1
Ne5 22. Nxd4 Bg4 23. Be3 Bxd1 24. Nxc6 Qc7 25. Nxe7+ Qxe7 26. Rxd1 Neg4 27. Bc1
Rd8 28. Nd5 Nxd5 29. Bxd5 Bc7 30. Qc4 h5 31. h3 Ne5 32. Qe4 Bb6 33. Bb2 Nc6 34.
Qf3 h4 35. Qg4 Ne5 36. Qf5 Nc4 37. Bxg7 Kxg7 38. Qg4+ Kf8 39. Qxc4 hxg3 40. Kg2
gxf2 41. Qc3 Qg5+ 0-1

[Event "IX. Rhein-Main-Open"]
[Site "Bad Homburg"]
[Date "2006.06.15"]
[Round "2.21"]
[White "White, Herbert"]
[Black "Minor, Samuel"]
[Result "0-1"]
[WhiteElo "1961"]
[BlackElo "2100"]
[PlyCount "72"]
[EventDate "2006.??.??"]

1. d4 f5 2. c4 Nf6 3. Nc3 g6 4. g3 Bg7 5. Bg2 O-O 6. Nh3 d6 7. O-O Na6 8. Nf4
c6 9. Nd3 Qe8 10. Rb1 e5 11. dxe5 dxe5 12. b4 e4 13. b5 Nc7 14. Nb4 cxb5 15.
cxb5 Nxb5 16. Ncd5 Rf7 17. Bf4 Nxd5 18. Nxd5 Nc3 19. Nxc3 Bxc3 20. Qb3 Bg7 21.
Rfd1 Be6 22. Qa3 b6 23. f3 exf3 24. exf3 Rd7 25. Re1 Qf7 26. Re2 Bc4 27. Ree1
Bxa2 28. Rxb6 Bd4+ 29. Be3 Re8 30. Ra6 Bc4 31. Ra4 Rde7 32. Kf2 Rxe3 33. Rxe3
Rxe3 34. Qxe3 Bxe3+ 35. Kxe3 Qe8+ 36. Kf2 Qxa4 0-1

[Event "IX. Rhein-Main-Open"]
[Site "Bad Homburg"]
[Date "2006.06.15"]
[Round "2.22"]
[White "Wiege, Andre"]
[Black "Peter, Falco"]
[Result "1-0"]
[WhiteElo "2083"]
[BlackElo "1380"]
[PlyCount "65"]
[EventDate "2006.??.??"]

1. e4 c5 2. Nf3 Nc6 3. d3 b5 4. g3 Nd4 5. Nbd2 g6 6. Bg2 Bg7 7. Nxd4 cxd4 8. f4
h5 9. Nf3 Rb8 10. O-O d6 11. Bd2 b4 12. Qe2 e5 13. f5 gxf5 14. Nh4 f4 15. Qf2
Bf6 16. Nf5 Be6 17. gxf4 Kd7 18. Rfc1 Ne7 19. Nxe7 Kxe7 20. c3 bxc3 21. bxc3
Rb2 22. cxd4 exf4 23. d5 Bd7 24. Qxf4 Rg8 25. Kh1 Bg5 26. Qxg5+ Rxg5 27. Bxg5+
f6 28. Be3 Qg8 29. Rg1 Qg4 30. Raf1 Rxa2 31. Bd4 Qe2 32. Rf2 Qxd3 33. Bxf6+ 1-0

[Event "IX. Rhein-Main-Open"]
[Site "Bad Homburg"]
[Date "2006.06.15"]
[Round "2.23"]
[White "Reichert, Rudolf"]
[Black "Neb, Roland"]
[Result "0-1"]
[WhiteElo "1601"]
[BlackElo "2156"]
[PlyCount "76"]
[EventDate "2006.??.??"]

1. e4 g6 2. d4 Bg7 3. Nf3 d6 4. h3 Nf6 5. Nc3 Nc6 6. Be3 O-O 7. Bd3 Nd7 8. a3
e5 9. Bg5 f6 10. Bc4+ Kh8 11. Be3 exd4 12. Nxd4 Nde5 13. Bd5 Nxd4 14. Bxd4 c6
15. Ba2 Qe7 16. f4 Nf7 17. Qd3 d5 18. O-O-O dxe4 19. Qe3 b6 20. h4 c5 21. Nd5
cxd4 22. Rxd4 Qb7 23. h5 Nd6 24. hxg6 h6 25. Qe2 Nf5 26. Rxe4 Ng3 27. Qe1 Nxe4
28. Qxe4 f5 29. Qe1 Qc6 30. Ne7 Qf6 31. Qe5 Qxe5 32. fxe5 Re8 33. Nc6 Be6 34.
c4 Rac8 35. Nd4 Bxc4 36. Bb1 Rxe5 37. Nxf5 Bd3+ 38. Kd2 Bxf5 0-1

[Event "IX. Rhein-Main-Open"]
[Site "Bad Homburg"]
[Date "2006.06.15"]
[Round "2.24"]
[White "Chandler, Patrick"]
[Black "Feigl, Markus"]
[Result "1-0"]
[WhiteElo "2199"]
[BlackElo "1751"]
[PlyCount "143"]
[EventDate "2006.??.??"]

1. e4 e6 2. d3 d5 3. Nd2 Nd7 4. Ngf3 Be7 5. g3 b6 6. Bg2 Bb7 7. O-O Ngf6 8. e5
Ng8 9. d4 c6 10. Nb3 a5 11. Be3 a4 12. Nc1 b5 13. a3 Nb6 14. Nd3 Nd7 15. Re1 g6
16. c3 Kf8 17. Qd2 Kg7 18. h4 h5 19. Bh3 Nh6 20. Bg5 Nf8 21. Nf4 Bxg5 22. Nxg5
Bc8 23. Qd3 Qe7 24. Re3 Bd7 25. Rae1 Re8 26. Kg2 Ra8 27. f3 Nf5 28. Bxf5 gxf5
29. Qd2 Ng6 30. R3e2 Rag8 31. Kf2 Kf8 32. Ra1 Kg7 33. Ree1 Ra8 34. Rg1 Kf8 35.
Rg2 Ke8 36. Rh1 Kd8 37. Ngh3 Kc7 38. Nd3 Be8 39. Nc5 Kb6 40. Nd3 Bd7 41. Qg5
Rag8 42. Nc5 Kc7 43. Qd2 Ra8 44. Ng5 Be8 45. Rgh2 Kb6 46. Nh3 Nxe5 47. dxe5
Qxc5+ 48. Qd4 Bd7 49. Ng5 Raf8 50. Ke3 f6 51. exf6 Rxf6 52. Kf4 Qxd4+ 53. cxd4
Rc8 54. Rc1 c5 55. dxc5+ Rxc5 56. Rxc5 Kxc5 57. Ke5 Rg6 58. Rc2+ Kb6 59. Kd6
Be8 60. Rc8 Rg8 61. Nxe6 Bf7 62. Rxg8 Bxg8 63. Nd4 Bf7 64. Nxf5 b4 65. Nd4 b3
66. g4 hxg4 67. fxg4 Kb7 68. h5 Kc8 69. Ke7 Bg8 70. g5 Kc7 71. g6 Kb6 72. Kd6
1-0

[Event "IX. Rhein-Main-Open"]
[Site "Bad Homburg"]
[Date "2006.06.15"]
[Round "2.25"]
[White "Willems, Matthias"]
[Black "Henrich, Frederik"]
[Result "1-0"]
[WhiteElo "2112"]
[BlackElo "1612"]
[PlyCount "83"]
[EventDate "2006.??.??"]

1. d4 d5 2. Bf4 c5 3. e3 e6 4. c3 Nf6 5. Nd2 Bd7 6. Bd3 cxd4 7. exd4 Nc6 8. h4
g6 9. Ngf3 Bg7 10. Qe2 Qe7 11. Ne5 Nh5 12. Bg5 f6 13. Bxg6+ hxg6 14. Nxg6 Qf7
15. Nxh8 Bxh8 16. Be3 f5 17. Bg5 Nf6 18. f3 O-O-O 19. Nb3 e5 20. dxe5 Nxe5 21.
O-O-O Re8 22. Qf2 Kb8 23. Rhe1 Bb5 24. Kb1 Nd3 25. Rxe8+ Qxe8 26. Qe3 Qxe3 27.
Bxe3 f4 28. Bd4 Bg7 29. Kc2 Nh5 30. Rxd3 Bxd3+ 31. Kxd3 Bxd4 32. Kxd4 Nf6 33.
Ke5 Nh5 34. Nd4 a5 35. Ne6 b5 36. Nxf4 Ng3 37. h5 Nxh5 38. Nxh5 d4 39. cxd4 b4
40. b3 Kc7 41. Nf6 Kd8 42. Ke6 1-0

[Event "IX. Rhein-Main-Open"]
[Site "Bad Homburg"]
[Date "2006.06.15"]
[Round "2.26"]
[White "Remy, Jochen"]
[Black "Faqiry, Ramat"]
[Result "1/2-1/2"]
[WhiteElo "2097"]
[BlackElo "1705"]
[PlyCount "42"]
[EventDate "2006.??.??"]

1. c4 Nf6 2. g3 e6 3. Nf3 d5 4. Bg2 c5 5. cxd5 exd5 6. d4 Be7 7. O-O O-O 8. Nc3
Nc6 9. dxc5 Bxc5 10. Bg5 d4 11. Bxf6 Qxf6 12. Ne4 Qe7 13. Nxc5 Qxc5 14. Ne1 Bg4
15. h3 Bh5 16. Nd3 Qe7 17. Nf4 Bg6 18. Nxg6 hxg6 19. Bxc6 bxc6 20. Qxd4 Qxe2
21. Rad1 Qh5 1/2-1/2

[Event "IX. Rhein-Main-Open"]
[Site "Bad Homburg"]
[Date "2006.06.15"]
[Round "2.27"]
[White "Krüger, Till"]
[Black "Zöller, Thomas"]
[Result "1/2-1/2"]
[WhiteElo "1827"]
[BlackElo "2082"]
[PlyCount "86"]
[EventDate "2006.??.??"]

1. e4 c5 2. Nf3 Nc6 3. Bb5 g6 4. O-O Bg7 5. c3 Nf6 6. Re1 O-O 7. d4 d5 8. e5
Ne4 9. Be3 cxd4 10. cxd4 Qb6 11. Bxc6 bxc6 12. Nfd2 Nxd2 13. Qxd2 Rb8 14. b3 f6
15. Nc3 Qa5 16. Bf4 Rb7 17. Rac1 g5 18. exf6 gxf4 19. fxg7 Rf7 20. f3 Qb4 21.
Rcd1 Rxg7 22. Na4 Qd6 23. Nc5 Rb8 24. Nd3 Rf7 25. Ne5 Rf6 26. Rc1 Bb7 27. Rc2
Rc8 28. Qa5 Re6 29. Qxa7 Qb4 30. Rec1 c5 31. Qa4 Qxa4 32. bxa4 c4 33. Rc3 Bc6
34. Ra3 Ra8 35. a5 Be8 36. Rcc3 Rea6 37. g3 fxg3 38. hxg3 Rxa5 39. Rxa5 Rxa5
40. a3 Rb5 41. Kf2 Rb2+ 42. Ke3 Ba4 43. g4 Ra2 1/2-1/2

[Event "IX. Rhein-Main-Open"]
[Site "Bad Homburg"]
[Date "2006.06.15"]
[Round "2.28"]
[White "Kirschner, Matthias"]
[Black "Hilbenz, Guntram"]
[Result "0-1"]
[WhiteElo "1567"]
[BlackElo "2053"]
[PlyCount "52"]
[EventDate "2006.??.??"]

1. g3 e5 2. Bg2 d6 3. c4 f5 4. d3 Nf6 5. Nc3 Be7 6. Qc2 O-O 7. Nf3 Qe8 8. a3
Qh5 9. Bg5 h6 10. Bxf6 Bxf6 11. Nd5 Bd8 12. e3 Nd7 13. b4 c6 14. Nc3 f4 15.
O-O-O fxe3 16. fxe3 a5 17. Kb2 axb4 18. axb4 Nb6 19. h3 Rxf3 20. Qe2 e4 21.
dxe4 Qe5 22. Ra1 Rxa1 23. Rxa1 Rxg3 24. Ra5 Rxg2 25. Rxe5 Rxe2+ 26. Kb3 dxe5
0-1

[Event "IX. Rhein-Main-Open"]
[Site "Bad Homburg"]
[Date "2006.06.15"]
[Round "2.29"]
[White "Witt, Holger"]
[Black "Ellrich, Jochen"]
[Result "0-1"]
[WhiteElo "1438"]
[BlackElo "2090"]
[PlyCount "52"]
[EventDate "2006.??.??"]

1. c4 e6 2. Nf3 Nf6 3. g3 d5 4. Bg2 Be7 5. O-O O-O 6. cxd5 exd5 7. d3 Re8 8. a3
c5 9. Nbd2 Nc6 10. b3 Bg4 11. Bb2 Rc8 12. Rc1 Qd7 13. Re1 b6 14. Ne5 Nxe5 15.
Bxe5 Qf5 16. Bb2 Qh5 17. Nf1 Rc6 18. Bxf6 Bxf6 19. Ne3 Rxe3 20. fxe3 Bg5 21.
Qd2 Re6 22. Kh1 Rh6 23. h4 Bxh4 24. gxh4 Qxh4+ 25. Kg1 Qh2+ 26. Kf2 Rf6# 0-1

[Event "IX. Rhein-Main-Open"]
[Site "Bad Homburg"]
[Date "2006.06.15"]
[Round "2.30"]
[White "Fußnecker, Manfred"]
[Black "Kempf, Alexander"]
[Result "1/2-1/2"]
[WhiteElo "2025"]
[BlackElo "1654"]
[PlyCount "60"]
[EventDate "2006.??.??"]

1. e4 c5 2. Nf3 d6 3. Bb5+ Bd7 4. Bxd7+ Qxd7 5. O-O Nc6 6. c3 Nf6 7. Re1 g6 8.
Na3 Bg7 9. e5 dxe5 10. Nxe5 Nxe5 11. Rxe5 Ng4 12. Re1 O-O 13. h3 Ne5 14. d4
cxd4 15. cxd4 Rad8 16. Qb3 Qxd4 17. Be3 Qd3 18. Qxb7 Rd7 19. Qb4 Nc6 20. Qa4
Rc8 21. Rad1 Qf5 22. b4 Bc3 23. Rxd7 Bxe1 24. Rb7 Nxb4 25. Rxb4 Bxf2+ 26. Bxf2
Rc1+ 27. Kh2 Qxf2 28. Rf4 Qg1+ 29. Kg3 Qe1+ 30. Kh2 Qg1+ 1/2-1/2

[Event "IX. Rhein-Main-Open"]
[Site "Bad Homburg"]
[Date "2006.06.15"]
[Round "2.31"]
[White "Schimmer, Michael"]
[Black "Graw, Oliver"]
[Result "1-0"]
[WhiteElo "1956"]
[BlackElo "1594"]
[PlyCount "31"]
[EventDate "2006.??.??"]

1. e4 d5 2. exd5 Qxd5 3. Nc3 Qa5 4. d4 Bf5 5. Nf3 e6 6. Bc4 Nf6 7. Bd2 c6 8.
Nd5 Qd8 9. Nxf6+ gxf6 10. Qe2 Bxc2 11. Rc1 Bg6 12. O-O Bh5 13. Rfe1 Bxf3 14.
Qxf3 Be7 15. Qh5 O-O 16. Rc3 1-0

[Event "IX. Rhein-Main-Open"]
[Site "Bad Homburg"]
[Date "2006.06.15"]
[Round "2.32"]
[White "Wulfert, Olaf"]
[Black "Sefeloge, Michael"]
[Result "0-1"]
[WhiteElo "1629"]
[BlackElo "1916"]
[PlyCount "100"]
[EventDate "2006.??.??"]

1. c4 c5 2. g3 Nf6 3. Bg2 e6 4. Nc3 Be7 5. Nf3 O-O 6. O-O Nc6 7. b3 d5 8. cxd5
Nxd5 9. Bb2 Bf6 10. Rc1 b6 11. a3 Bb7 12. Qc2 Rc8 13. Rfd1 Nd4 14. Qb1 Nxb3 15.
Rc2 Na5 16. d3 Bc6 17. Nxd5 Bxd5 18. Bxf6 Qxf6 19. Nd2 Bxg2 20. Kxg2 Rfd8 21.
Rdc1 Qe5 22. Nc4 Nxc4 23. dxc4 Rd7 24. Qb3 Rcd8 25. Qf3 h6 26. e3 Rd3 27. a4
Ra3 28. Rd1 Rxd1 29. Qxd1 Qe4+ 30. Kh3 Rd3 31. Qe2 Rd6 32. Ra2 Qd3 33. a5 Qxe2
34. Rxe2 bxa5 35. Ra2 Ra6 36. Kg4 a4 37. Ra3 Kf8 38. Kf4 Ke7 39. Ke5 f6+ 40.
Ke4 Kd7 41. h4 Kc7 42. g4 Kb6 43. Kd3 Ka5 44. Kc3 Rd6 45. Ra1 e5 46. f3 g6 47.
Rb1 Rb6 48. Rc1 a3 49. Rd1 Ka4 50. Rd7 a6 0-1

[Event "IX. Rhein-Main-Open"]
[Site "Bad Homburg"]
[Date "2006.06.15"]
[Round "2.33"]
[White "Schneider, Udo"]
[Black "Schutzmann, Henry"]
[Result "0-1"]
[WhiteElo "1915"]
[BlackElo "1550"]
[PlyCount "123"]
[EventDate "2006.??.??"]

1. Nf3 d5 2. d4 Nf6 3. g3 c6 4. Bg2 Bf5 5. O-O Nbd7 6. Nbd2 e6 7. Re1 Be7 8.
Ng5 h6 9. Nh3 O-O 10. e4 dxe4 11. Nf4 Bg4 12. Ne2 e5 13. h3 Bf5 14. g4 Bh7 15.
dxe5 Nxe5 16. Ng3 e3 17. Rxe3 Nc4 18. Re1 Nxd2 19. Bxd2 Qc7 20. Qe2 Bc5 21. Qf3
Rfe8 22. Bf4 Qb6 23. Be5 Bd4 24. Bxd4 Qxd4 25. Qb3 Qb6 26. Qc3 Nd5 27. Bxd5
cxd5 28. Rxe8+ Rxe8 29. Rd1 Qe6 30. Nh5 Qe5 31. Qxe5 Rxe5 32. Rd2 Re1+ 33. Kg2
Re8 34. Nf4 Kf8 35. Kg3 Rd8 36. c3 g5 37. Nxd5 Be4 38. c4 b5 39. b3 bxc4 40.
bxc4 Bxd5 41. Rxd5 Rc8 42. c5 Rc6 43. h4 f6 44. hxg5 hxg5 45. f4 Ra6 46. fxg5
fxg5 47. Rxg5 Rxa2 48. Rf5+ Kg7 49. Kf4 Ra4+ 50. Kg5 Rc4 51. Rd5 Kf7 52. Kf5 a5
53. g5 a4 54. g6+ Kf8 55. Kf6 Rf4+ 56. Kg5 Rf1 57. c6 Rc1 58. Rd8+ Ke7 59. Rd7+
Ke8 60. Kf6 Rxc6+ 61. Kf5 Kxd7 62. g7 0-1

[Event "IX. Rhein-Main-Open"]
[Site "Bad Homburg"]
[Date "2006.06.15"]
[Round "2.34"]
[White "Plattner, Rolf"]
[Black "Ullrich, Helmut"]
[Result "1/2-1/2"]
[WhiteElo "1528"]
[BlackElo "1908"]
[PlyCount "50"]
[EventDate "2006.??.??"]

1. e4 e5 2. Nf3 Nc6 3. Bb5 a6 4. Ba4 Nf6 5. Bxc6 dxc6 6. d3 Bd6 7. h3 Bd7 8.
Bg5 h6 9. Bh4 Qe7 10. Nc3 g5 11. Bg3 c5 12. Nd5 Nxd5 13. exd5 O-O-O 14. Qe2 f6
15. O-O-O Qf7 16. c4 c6 17. dxc6 Bxc6 18. Rhg1 Rhe8 19. Nd2 Bf8 20. f3 Rd7 21.
Bf2 Red8 22. Nb3 b6 23. Rd2 Qg6 24. Rgd1 h5 25. Kc2 Ba4 1/2-1/2

[Event "IX. Rhein-Main-Open"]
[Site "Bad Homburg"]
[Date "2006.06.15"]
[Round "2.35"]
[White "Grünter, Martin"]
[Black "Pfeiffer, Ralf"]
[Result "1-0"]
[WhiteElo "1897"]
[BlackElo "1505"]
[PlyCount "63"]
[EventDate "2006.??.??"]

1. e4 e6 2. d4 d5 3. Nd2 c5 4. exd5 Qxd5 5. Ngf3 cxd4 6. Bc4 Qd6 7. O-O Nf6 8.
Nb3 Nc6 9. Nbxd4 Be7 10. Bb5 Bd7 11. c3 O-O 12. Qe2 a6 13. Bxc6 Bxc6 14. Ne5
Bd7 15. Rd1 Qc7 16. Bg5 Rfd8 17. f4 h6 18. Bh4 Nd5 19. Bxe7 Nxe7 20. Qh5 Be8
21. Qg4 Nd5 22. Rd3 Nf6 23. Qf3 Qb6 24. Rb1 Rd5 25. Kh1 Rad8 26. Ng4 Nxg4 27.
Qxg4 Bd7 28. Rg3 g6 29. Qh4 Kh7 30. Qf6 Be8 31. Rh3 Qd6 32. Rxh6+ 1-0

[Event "IX. Rhein-Main-Open"]
[Site "Bad Homburg"]
[Date "2006.06.15"]
[Round "2.36"]
[White "Reinl, Walter"]
[Black "Kretner, Georg-Ulrich"]
[Result "0-1"]
[WhiteElo "1500"]
[BlackElo "1852"]
[PlyCount "64"]
[EventDate "2006.??.??"]

1. e4 g6 2. Nf3 Bg7 3. Bc4 d6 4. Nc3 Nf6 5. d3 O-O 6. Bg5 c6 7. Qd2 Nbd7 8. Bh6
b5 9. Bxg7 Kxg7 10. Bb3 Nc5 11. O-O e5 12. Rfe1 a5 13. a3 Nxb3 14. cxb3 Be6 15.
Qc2 Nh5 16. Ne2 c5 17. a4 b4 18. Nd2 f5 19. Nc4 f4 20. f3 g5 21. Rf1 g4 22.
fxg4 Bxg4 23. Rf2 Ra7 24. Raf1 Kh8 25. Ne3 Nf6 26. Nd5 Nxd5 27. exd5 Rg8 28.
Kh1 Rag7 29. Ng1 Bh5 30. Qc4 Bf7 31. Qe4 Qa8 32. Qe2 Bxd5 0-1

[Event "IX. Rhein-Main-Open"]
[Site "Bad Homburg"]
[Date "2006.06.15"]
[Round "2.37"]
[White "Nahler, Michael"]
[Black "Lesic, Ivan"]
[Result "1/2-1/2"]
[WhiteElo "1842"]
[BlackElo "1479"]
[PlyCount "83"]
[EventDate "2006.??.??"]

1. e4 e6 2. d4 d5 3. Nd2 c5 4. exd5 exd5 5. Bb5+ Bd7 6. Qe2+ Qe7 7. Bxd7+ Nxd7
8. dxc5 Qxe2+ 9. Nxe2 Bxc5 10. O-O Ne7 11. Nb3 b6 12. Bf4 O-O 13. Rad1 Rfe8 14.
Rfe1 d4 15. Nexd4 Ng6 16. Be3 Bxd4 17. Nxd4 Nf6 18. c4 a6 19. f3 Nf8 20. Nf5
Re6 21. Bd4 Rae8 22. Kf2 N8d7 23. b4 Kf8 24. Rxe6 Rxe6 25. Re1 Rc6 26. Rc1 g6
27. Ne3 Ke7 28. Ke2 b5 29. c5 Kd8 30. Rd1 Kc7 31. Kd3 Re6 32. Re1 Kc6 33. Re2
Nd5 34. Nxd5 Kxd5 35. Rxe6 fxe6 36. f4 Nb8 37. a3 Nc6 38. Bc3 h5 39. h3 Ne7 40.
g4 hxg4 41. hxg4 Nc6 42. Bg7 1/2-1/2

[Event "IX. Rhein-Main-Open"]
[Site "Bad Homburg"]
[Date "2006.06.15"]
[Round "2.38"]
[White "Feigl, Gerold"]
[Black "Bender, Manfred"]
[Result "0-1"]
[WhiteElo "1452"]
[BlackElo "1816"]
[PlyCount "116"]
[EventDate "2006.??.??"]

1. e4 e6 2. c4 c6 3. Nc3 Bb4 4. Qb3 Na6 5. Nf3 d6 6. a3 Bxc3 7. Qxc3 Qf6 8. d4
Qg6 9. e5 d5 10. c5 Ne7 11. Qd3 O-O 12. Qxg6 Nxg6 13. Bxa6 bxa6 14. b4 Rb8 15.
Bd2 Rb7 16. Ke2 f6 17. g3 Rbf7 18. Rhf1 a5 19. Ne1 fxe5 20. dxe5 Nxe5 21. f4
Ba6+ 22. Kf2 Ng4+ 23. Kg2 Bxf1+ 24. Kxf1 Nxh2+ 25. Kg2 Ng4 26. bxa5 e5 27. Rb1
e4 28. Nc2 Ne5 29. a6 Nd3 30. Be3 Rc8 31. a4 Kf8 32. a5 Ke8 33. Bd4 g6 34. Ne3
h5 35. Rb7 Rcc7 36. Rb8+ Kd7 37. Rg8 Nb4 38. Rxg6 Nxa6 39. f5 Nb4 40. f6 Ke6
41. Kh3 Rh7 42. Kh4 Rcf7 43. Kg5 Nd3 44. Nf5 Ne1 45. Ng7+ Kd7 46. Nf5 Nf3+ 47.
Kf4 Ke6 48. Ng7+ Kd7 49. Bb2 h4 50. gxh4 Rxh4+ 51. Rg4 Rxg4+ 52. Kxg4 d4 53.
Kf4 e3 54. Kxf3 Rxf6+ 55. Ke4 e2 56. Bxd4 e1=Q+ 57. Kd3 Rf3+ 58. Kc2 Qe2+ 0-1

[Event "IX. Rhein-Main-Open"]
[Site "Bad Homburg"]
[Date "2006.06.15"]
[Round "2.40"]
[White "Krüger, Jens"]
[Black "Wanie, Karsten"]
[Result "0-1"]
[WhiteElo "1413"]
[BlackElo "2056"]
[PlyCount "120"]
[EventDate "2006.??.??"]

1. e4 e6 2. Nf3 d5 3. exd5 exd5 4. d4 Nc6 5. Nc3 Bg4 6. Be2 Qd7 7. O-O O-O-O 8.
Bf4 Qf5 9. Bg3 Bd6 10. Bxd6 cxd6 11. Nh4 Bxe2 12. Nxf5 Bxd1 13. Raxd1 g6 14.
Ne3 Nf6 15. Nexd5 Nxd5 16. Nxd5 Rhe8 17. Nf6 Re2 18. d5 Nb4 19. c3 Nxa2 20. Rb1
h5 21. Rfe1 Rd2 22. Kf1 Rc2 23. g3 h4 24. Kg2 hxg3 25. hxg3 Rh8 26. Ng4 b5 27.
Ne3 Rd2 28. Red1 Rxd1 29. Rxd1 b4 30. Ra1 b3 31. Nc4 Kc7 32. Na5 Rb8 33. Nxb3
Rxb3 34. Rxa2 Kb6 35. Kf3 f6 36. Ke4 Kc5 37. g4 Rb7 38. Ra5+ Kc4 39. Ra4+ Kb3
40. Ra6 Rd7 41. Kf4 Kxb2 42. Rc6 Kb3 43. Ke4 a5 44. Kd4 Ra7 45. Rxd6 a4 46. Re6
a3 47. c4 a2 48. Re1 a1=Q+ 49. Rxa1 Rxa1 50. Kc5 Rc1 51. Kd6 Kxc4 52. Ke6 Re1+
53. Kxf6 Kxd5 54. Kxg6 Rf1 55. g5 Rxf2 56. Kh7 Ke6 57. g6 Kf6 58. g7 Rh2+ 59.
Kg8 Rg2 60. Kh8 Kf7 0-1

[Event "IX. Rhein-Main-Open"]
[Site "Bad Homburg"]
[Date "2006.06.15"]
[Round "2.41"]
[White "Pietsch, Klaus"]
[Black "Plötz, Hans-Jürgen"]
[Result "1-0"]
[WhiteElo "1956"]
[BlackElo "1442"]
[PlyCount "97"]
[EventDate "2006.??.??"]

1. d4 Nf6 2. Nf3 d6 3. Nc3 c6 4. e4 Qa5 5. Qd3 Nbd7 6. Bd2 Qc7 7. O-O-O Ng4 8.
Qe2 e5 9. h3 exd4 10. hxg4 dxc3 11. Bxc3 Ne5 12. Nxe5 dxe5 13. f3 Be6 14. Kb1
Bd6 15. Qe1 O-O-O 16. Ba5 b6 17. Ba6+ Kb8 18. Bc3 f6 19. a4 h6 20. Qe2 Bc5 21.
b4 Bd6 22. Bc4 Bc8 23. Kb2 Qe7 24. Kb3 c5 25. b5 Bc7 26. Bd5 Rd6 27. Rd2 Rhd8
28. Rhd1 R6d7 29. Qc4 Rd6 30. a5 R6d7 31. Ra1 Bb7 32. axb6 Bxb6 33. Rad1 Bc8
34. Rd3 Rd6 35. Be1 g5 36. Bf2 Qc7 37. Rc3 Bb7 38. Bxc5 Bxc5 39. Qxc5 Qxc5 40.
Rxc5 Rb6 41. c4 Bc8 42. Rh1 Rh8 43. Kb4 Bd7 44. Bf7 Rh7 45. Bg6 Rh8 46. Rd5 Kc7
47. Rhd1 Be6 48. c5 Rbb8 49. Rd6 1-0

[Event "IX. Rhein-Main-Open"]
[Site "Bad Homburg"]
[Date "2006.06.15"]
[Round "2.42"]
[White "Ehling, Dieter"]
[Black "Schreiner, Roland"]
[Result "0-1"]
[WhiteElo "1310"]
[BlackElo "1954"]
[PlyCount "67"]
[EventDate "2006.??.??"]

1. e4 d6 2. d4 Nf6 3. Nc3 g6 4. Nf3 Bg7 5. Be2 O-O 6. O-O Nc6 7. Be3 e5 8. dxe5
dxe5 9. Qxd8 Rxd8 10. Rad1 Be6 11. a3 a6 12. Ng5 Bd7 13. Bc4 Be8 14. Nf3 h6 15.
h3 b5 16. Ba2 Rd7 17. Rxd7 Bxd7 18. Rd1 Rd8 19. Nd2 Nd4 20. Bb1 Bc6 21. f3 Ne8
22. Kf2 Rd7 23. Nf1 Nd6 24. b3 a5 25. Ne2 Ne6 26. Nfg3 Nxe4+ 27. Ke1 Rxd1+ 28.
Kxd1 Nxg3 29. Nxg3 f5 30. Bf2 Nf4 31. c4 bxc4 32. bxc4 Nxg2 33. Ba7 Bxf3+ 34.
Kd2 0-1

[Event "IX. Rhein-Main-Open"]
[Site "Bad Homburg"]
[Date "2006.06.15"]
[Round "2.43"]
[White "Kolker, Vladislav"]
[Black "Kempf, Jürgen"]
[Result "1-0"]
[WhiteElo "1860"]
[BlackElo "1114"]
[PlyCount "37"]
[EventDate "2006.??.??"]

1. e4 c6 2. d3 d5 3. Nd2 Nd7 4. Ngf3 Ngf6 5. e5 Ng4 6. e6 fxe6 7. Ng5 Ndf6 8.
h3 Qc7 9. d4 Nxf2 10. Kxf2 Qf4+ 11. Ndf3 Qc7 12. Ne5 h6 13. Ngf7 Rg8 14. Bd3 c5
15. c3 cxd4 16. cxd4 Qb6 17. Bg6 Ne4+ 18. Bxe4 dxe4 19. Qa4+ 1-0

[Event "IX. Rhein-Main-Open"]
[Site "Bad Homburg"]
[Date "2006.06.15"]
[Round "2.44"]
[White "Zellmann, Erwant"]
[Black "Reyher, Werner"]
[Result "0-1"]
[WhiteElo "995"]
[BlackElo "1834"]
[PlyCount "40"]
[EventDate "2006.??.??"]

1. e4 e5 2. Nf3 Nc6 3. Bc4 Bc5 4. d3 Nf6 5. Nc3 O-O 6. Ng5 h6 7. Bxf7+ Rxf7 8.
Nxf7 Kxf7 9. O-O d6 10. h3 Be6 11. Na4 Bb6 12. Nxb6 axb6 13. a3 Qd7 14. Kh2 Rf8
15. f4 exf4 16. Bxf4 Kg8 17. Bg3 g5 18. Be1 Ng4+ 19. Kg1 Rxf1+ 20. Kxf1 Ne3+
0-1

[Event "IX. Rhein-Main-Open"]
[Site "Bad Homburg"]
[Date "2006.06.15"]
[Round "2.46"]
[White "Grass, Ernest"]
[Black "Kießling, Robert"]
[Result "1-0"]
[WhiteElo "1772"]
[BlackElo "791"]
[PlyCount "83"]
[EventDate "2006.??.??"]

1. e4 e5 2. Nf3 Nc6 3. d4 d6 4. dxe5 dxe5 5. Qxd8+ Kxd8 6. Nc3 f5 7. Bg5+ Be7
8. O-O-O+ Bd7 9. exf5 h6 10. Bxe7+ Ngxe7 11. Bd3 Nb4 12. Nxe5 c6 13. Nf7+ Kc7
14. Nxh8 Rxh8 15. g4 Re8 16. a3 Nbd5 17. Nxd5+ Nxd5 18. Rhe1 Rf8 19. Be4 Nf4
20. Rd2 c5 21. Red1 Bc6 22. Bxc6 Kxc6 23. Rd6+ Kc7 24. Rd7+ Kc8 25. Rxg7 Re8
26. f6 Rf8 27. f7 Ne6 28. Rg8 b5 29. f4 Kc7 30. f5 Rxg8 31. fxg8=Q Nd4 32. Rxd4
cxd4 33. Kd2 Kb6 34. b4 a5 35. Qd5 axb4 36. axb4 Kc7 37. Kd3 Kc8 38. Kxd4 Kb8
39. Qd7 Ka8 40. Kc5 Kb8 41. Kb6 h5 42. Qb7# 1-0

[Event "IX. Rhein-Main-Open"]
[Site "Bad Homburg"]
[Date "2006.06.15"]
[Round "3.1"]
[White "Khenkin, Igor"]
[Black "Brustkern, Jürgen"]
[Result "1-0"]
[WhiteElo "2602"]
[BlackElo "2242"]
[PlyCount "51"]
[EventDate "2006.??.??"]

1. d4 Nf6 2. Nf3 g6 3. c4 Bg7 4. Nc3 O-O 5. e4 d6 6. h3 e5 7. d5 Na6 8. Bg5 Qe8
9. g4 Nd7 10. Rg1 Kh8 11. Qd2 Ndc5 12. Be2 Bd7 13. Rb1 f5 14. gxf5 gxf5 15. Bh6
Bxh6 16. Qxh6 Qe7 17. Nh4 Rg8 18. Ng6+ Rxg6 19. Rxg6 fxe4 20. Rg3 Nb4 21. Kd2
Qf8 22. Qe3 a5 23. Rbg1 Nbd3 24. Rg8+ Qxg8 25. Rxg8+ Rxg8 26. Qh6 1-0

[Event "IX. Rhein-Main-Open"]
[Site "Bad Homburg"]
[Date "2006.06.15"]
[Round "3.2"]
[White "Weise, Martin"]
[Black "Milov, Leonid"]
[Result "0-1"]
[WhiteElo "2175"]
[BlackElo "2504"]
[PlyCount "100"]
[EventDate "2006.??.??"]

1. Nc3 c5 2. Nf3 e6 3. d4 cxd4 4. Nxd4 a6 5. g3 Nf6 6. Bg2 Be7 7. O-O O-O 8.
Nb3 Nc6 9. a4 d5 10. Be3 b6 11. a5 bxa5 12. Bc5 Bxc5 13. Nxc5 Rb8 14. Nb3 Qc7
15. Qc1 Rd8 16. Rd1 Rb4 17. Ra2 Bd7 18. e3 Rdb8 19. Nc5 Bc8 20. N3a4 R4b5 21.
Ra1 Ne5 22. Nd3 Nxd3 23. cxd3 Qd6 24. d4 e5 25. dxe5 Qxe5 26. Qc3 Qe7 27. Rdc1
Bd7 28. Nc5 Rc8 29. Nxd7 Rxc3 30. Nxf6+ Qxf6 31. Rxc3 g6 32. Rc2 Rxb2 33. Rxb2
Qxb2 34. Rxa5 Qb6 35. Ra4 Qb5 36. Rd4 Qb1+ 37. Bf1 Qc2 38. h4 a5 39. Bg2 Qb1+
40. Kh2 Qb2 41. Kg1 Qa1+ 42. Kh2 Qe1 43. Rf4 Qd2 44. Ra4 Kf8 45. Rf4 Ke7 46. g4
d4 47. Rxd4 Qxf2 48. g5 Kf8 49. Re4 Kg7 50. Kh3 h6 0-1

[Event "IX. Rhein-Main-Open"]
[Site "Bad Homburg"]
[Date "2006.06.15"]
[Round "3.3"]
[White "Donchenko, Anatoli"]
[Black "Kayser, Felix"]
[Result "1/2-1/2"]
[WhiteElo "2434"]
[BlackElo "2164"]
[PlyCount "68"]
[EventDate "2006.??.??"]

1. Nf3 d5 2. d4 Nf6 3. c4 c6 4. Qc2 g6 5. cxd5 cxd5 6. Bf4 Nc6 7. e3 Bg7 8. Be2
O-O 9. h3 Qa5+ 10. Nc3 Nb4 11. Qb3 Bf5 12. Rc1 Nd3+ 13. Bxd3 Bxd3 14. Qxb7 Rac8
15. Ne5 Ba6 16. Qb3 Ne4 17. f3 Nxc3 18. Rxc3 g5 19. Bg3 Rb8 20. Qa3 Qb5 21. Nd3
e5 22. Bxe5 Bxe5 23. dxe5 Rfc8 24. Rb3 Qc4 25. Rxb8 Rxb8 26. Kd2 d4 27. exd4
Qxd4 28. Rc1 Bxd3 29. Qxd3 Qxe5 30. Rc2 Qa5+ 31. Qc3 Rd8+ 32. Ke2 Qxa2 33. Kf2
Qa6 34. Qc5 h6 1/2-1/2

[Event "IX. Rhein-Main-Open"]
[Site "Bad Homburg"]
[Date "2006.06.15"]
[Round "3.4"]
[White "Gramlich, Sebastian"]
[Black "Drabke, Lorenz Maximilian"]
[Result "1/2-1/2"]
[WhiteElo "2122"]
[BlackElo "2393"]
[PlyCount "40"]
[EventDate "2006.??.??"]

1. d4 d5 2. c4 c6 3. Nc3 dxc4 4. e4 b5 5. a4 b4 6. Na2 Nf6 7. e5 Nd5 8. Bxc4
Bf5 9. Ne2 e6 10. Ng3 Bg6 11. h4 h5 12. Be2 Be7 13. Nxh5 Bxh5 14. Bxh5 g6 15.
Bf3 Rxh4 16. Rxh4 Bxh4 17. Qd3 Qb6 18. Bd2 a5 19. Nc1 Nd7 20. Nb3 Rd8 1/2-1/2